[Event "Stay Safe Play From Home 235"]
[Site "Emanuel Lasker Arena"]
[Date "2020.06.18"]
[Round "4"]
[White "Souchov"]
[Black "Haris kollari 13"]
[Result "1-0"]
[WhiteElo "1739"]
[BlackElo "1713"]
[Annotator "NA RC"]
[PlyCount "93"]
[EventDate "2020.06.18"]
[EventType "swiss (blitz)"]

1. e4 {[%emt 0:00:02]} e6 {[%emt 0:00:00]} 2. d4 {[%emt 0:00:01]} d5 {[%emt 0:00:00]} 3. Nd2 {[%emt 0:00:01]} Nf6 {[%emt 0:00:01]} 4. e5 {[%emt 0:00:00]} Nfd7 {[%emt 0:00:01]} 5. Ngf3 {[%emt 0:00:00]} c6 {[%emt 0:00:00]} 6. c3 {[%emt 0:00:00]} c5 {[%emt 0:00:00]} 7. Bd3 {[%emt 0:00:00]} Nc6 {[%emt 0:00:01]} 8. O-O {[%emt 0:00:00]} c4 {[%emt 0:00:00]} 9. Bc2 {[%emt 0:00:01]} b5 {[%emt 0:00:01]} 10. a4 {[%emt 0:00:01]} b4 {[%emt 0:00:01]} 11. Re1 {[%emt 0:00:06]} b3 {[%emt 0:00:01]} 12. Bb1 {[%emt 0:00:01]} a5 {[%emt 0:00:01]} 13. Nf1 {[%emt 0:00:01]} g6 {[%emt 0:00:01]} 14. Bg5 {[%emt 0:00:02]} Be7 {[%emt 0:00:02]} 15. Bxe7 {[%emt 0:00:01]} Qxe7 {[%emt 0:00:01]} 16. h3 {[%emt 0:00:00]} Nb6 {[%emt 0:00:01]} 17. N1h2 {[%emt 0:00:01]} Bd7 {[%emt 0:00:01]} 18. Ng4 {[%emt 0:00:01]} O-O-O {[%emt 0:00:02]} 19. Nf6 {[%emt 0:00:01]} h5 {[%emt 0:00:02]} 20. Ng5 {[%emt 0:00:02]} Be8 {[%emt 0:00:01]} 21. h4 {[%emt 0:00:01]} Nd7 {[%emt 0:00:01]} 22. Qf3 {[%emt 0:00:02]} Nxf6 {[%emt 0:00:01]} 23. exf6 {[%emt 0:00:01]} Qc7 {[%emt 0:00:01]} 24. Qg3 {[%emt 0:00:03]} Qxg3 {[%emt 0:00:02]} 25. fxg3 {[%emt 0:00:00]} Kd7 {[%emt 0:00:01]} 26. Nf3 {[%emt 0:00:01]} Kd6 {[%emt 0:00:01]} 27. Re3 {[%emt 0:00:04]} Rb8 {[%emt 0:00:02]} 28. Kf2 {[%emt 0:00:01]} Rg8 {[%emt 0:00:01]} 29. Ng5 {[%emt 0:00:01]} Rb7 {[%emt 0:00:06]} 30. Kf3 {[%emt 0:00:01]} Nd8 {[%emt 0:00:01]} 31. Kf4 {[%emt 0:00:01]} Rd7 {[%emt 0:00:02]} 32. Re1 {[%emt 0:00:02]} Nc6 {[%emt 0:00:02]} 33. Re2 {[%emt 0:00:01]} Rb7 {[%emt 0:00:00]} 34. Re1 {[%emt 0:00:01]} Nd8 {[%emt 0:00:01]} 35. Re2 {[%emt 0:00:01]} Bc6 {[%emt 0:00:02]} 36. Re1 {[%emt 0:00:00]} Re8 {[%emt 0:00:01]} 37. Re2 {[%emt 0:00:02]} Rc7 {[%emt 0:00:01]} 38. Re1 {[%emt 0:00:01]} Nb7 {[%emt 0:00:01]} 39. Bxg6 {[%emt 0:00:02]} fxg6 {[%emt 0:00:01]} 40. f7 {[%emt 0:00:00]} Rf8 {[%emt 0:00:01]} 41. Rxe6+ {[%emt 0:00:01]} Kd7 {[%emt 0:00:01]} 42. Rxg6 {[%emt 0:00:00]} Kd8 {[%emt 0:00:03]} 43. Rg8 {[%emt 0:00:01]} Ke7 {[%emt 0:00:03]} 44. Re1+ {[%emt 0:00:01]} Kf6 {[%emt 0:00:01]} 45. Rxf8 {[%emt 0:00:00]} Rxf7 {[%emt 0:00:01]} 46. Rxf7+ {[%emt 0:00:00]} Kg6 {[%emt 0:00:01]} 47. Re6# {[%emt 0:00:00] (Lag: Av=0.78s, max=0.9s)} 1-0

[Event "Stay Safe Play From Home 235"]
[Site "Emanuel Lasker Arena"]
[Date "2020.06.18"]
[Round "4"]
[White "Meclion"]
[Black "Grazie"]
[Result "0-1"]
[WhiteElo "1362"]
[BlackElo "1855"]
[Annotator "NA RC"]
[PlyCount "66"]
[EventDate "2020.06.18"]
[EventType "swiss (blitz)"]

1. e4 {[%emt 0:00:01]} e6 {[%emt 0:00:00]} 2. d4 {[%emt 0:00:01]} d5 {[%emt 0:00:00]} 3. e5 {[%emt 0:00:01]} a6 {[%emt 0:00:01]} 4. c3 {[%emt 0:00:01]} Nd7 {[%emt 0:00:00]} 5. Bf4 {[%emt 0:00:01]} c5 {[%emt 0:00:00]} 6. Be2 {[%emt 0:00:01]} b5 {[%emt 0:00:00]} 7. dxc5 {[%emt 0:00:01]} Nxc5 {[%emt 0:00:01]} 8. Be3 {[%emt 0:00:00]} Bb7 {[%emt 0:00:01]} 9. Bd4 {[%emt 0:00:01]} Qc7 {[%emt 0:00:01]} 10. Nf3 {[%emt 0:00:00]} Ne7 {[%emt 0:00:02]} 11. O-O {[%emt 0:00:01]} Nf5 {[%emt 0:00:01]} 12. Nbd2 {[%emt 0:00:02]} h6 {[%emt 0:00:02]} 13. Nb3 {[%emt 0:00:03]} Rc8 {[%emt 0:00:03]} 14. Nxc5 {[%emt 0:00:01]} Bxc5 {[%emt 0:00:01]} 15. Bxc5 {[%emt 0:00:01]} Qxc5 {[%emt 0:00:01]} 16. Nd2 {[%emt 0:00:03]} Qc7 {[%emt 0:00:02]} 17. Nb3 {[%emt 0:00:01]} Qxe5 {[%emt 0:00:02]} 18. Nd4 {[%emt 0:00:02]} Qc7 {[%emt 0:00:01]} 19. Nxf5 {[%emt 0:00:01]} exf5 {[%emt 0:00:01]} 20. Qd3 {[%emt 0:00:02]} O-O {[%emt 0:00:03]} 21. Qxf5 {[%emt 0:00:01]} Rce8 {[%emt 0:00:01]} 22. Bd3 {[%emt 0:00:01]} g6 {[%emt 0:00:01]} 23. Qh3 {[%emt 0:00:02]} Kg7 {[%emt 0:00:02]} 24. Rae1 {[%emt 0:00:04]} Qf4 {[%emt 0:00:04]} 25. Rxe8 {[%emt 0:00:09]} Rxe8 {[%emt 0:00:03]} 26. Qd7 {[%emt 0:00:01]} Qb8 {[%emt 0:00:01]} 27. g3 {[%emt 0:00:04]} Rd8 {[%emt 0:00:01]} 28. Qe7 {[%emt 0:00:02]} d4 {[%emt 0:00:02]} 29. Qe2 {[%emt 0:00:02]} dxc3 {[%emt 0:00:01]} 30. bxc3 {[%emt 0:00:01]} Qd6 {[%emt 0:00:01]} 31. Qf3 {[%emt 0:00:01]} Bxf3 {[%emt 0:00:02]} 32. Bxg6 {[%emt 0:00:01]} fxg6 {[%emt 0:00:02]} 33. Rd1 {[%emt 0:00:01]} Qxd1# {[%emt 0:00:02] (Lag: Av=0.48s, max=0.8s)} 0-1

[Event "Stay Safe Play From Home 235"]
[Site "Emanuel Lasker Arena"]
[Date "2020.06.18"]
[Round "5"]
[White "Broken sword"]
[Black "Lazieri3"]
[Result "1/2-1/2"]
[WhiteElo "2443"]
[BlackElo "2157"]
[Annotator "TA"]
[PlyCount "94"]
[EventDate "2020.06.18"]
[EventType "swiss (blitz)"]

{[%evp 9,94,0,31,0,0,-9,-5,-9,-5,-5,0,0,0,0,0,0,5,0,5,6,8,0,0,-54,-29,-33,-8,0,-8,-12,-12,-7,22,-12,50,0,0,0,0,0,0,0,0,0,0,0,0,-2,0,-7,0,-7,0,0,0,-7,0,0,0,-7,-7,-15,0,-7,0,-29,0,-14,-3,-42,0,-129,-54,-56,-56,-36,-54,-103,-22,-25,0,0,0,-39,0,0,0]} 1. e4 c6 2. d4 d5 3. exd5 cxd5 4. c3 Nc6 5. Nf3 Nf6 6. h3 {B13: Caro-Kann: Exchange Variation and Panov-Botvinnik Attack.} Bf5 7. Bd3 Bxd3 8. Qxd3 e6 9. O-O h6 10. Bf4 Bd6 {[#]} 11. Bxd6 $146 ({Predecessor:} 11. Ne5 Rc8 12. Nd2 O-O 13. Ndf3 a6 14. Rfe1 Qc7 15. Bh2 Na5 16. Rac1 b5 17. b3 {0-1 (32) Doust,A (89)-Namouk,O (111) Torquay 2018}) 11... Qxd6 12. Nbd2 O-O 13. Rfe1 a6 14. Ne5 b5 15. Nxc6 Qxc6 16. b4 (16. Nf3 $11) 16... Rac8 17. Rec1 Ne8 18. Nb3 Nd6 19. Nc5 Nc4 20. a4 Ra8 21. Qg3 Nb2 (21... bxa4 $11 22. Rxa4 a5) 22. axb5 axb5 23. Rcb1 Nc4 24. Kh2 Qd6 (24... Rfe8 {is more complex.} 25. Qf4 Qb6 26. Qc1 Qb8+ 27. Kg1 Re7) 25. Qxd6 Nxd6 26. f3 g6 27. Kg3 Kg7 28. Kf4 Nc4 29. Kg3 Rfc8 30. Kf2 Nd2 31. Rd1 {[#] Threatens to win with Rxa8.} Nc4 32. Ke2 Nb2 33. Rdb1 {aiming for Rxa8.} Nc4 34. Kd3 Kf6 35. Nd7+ Kg7 36. Nc5 Kf6 37. Re1 Ke7 38. g4 Kf6 39. f4 Kg7 40. f5 (40. Ke2 $11) 40... gxf5 (40... exf5 $17 41. gxf5 Rxa1 42. Rxa1 Re8 43. fxg6 Re3+ 44. Kc2 Rxh3) 41. gxf5 $15 Rxa1 42. Rxa1 exf5 $17 {KRN-KRN} 43. Rf1 Kf6 (43... Re8 $17 {Hoping for ...Re3+.} 44. Rf3 Kg6 45. Rg3+ Kh5) 44. Nd7+ $1 $11 Ke6 45. Nc5+ Kf6 46. Nd7+ $1 Ke6 47. Nc5+ Kf6 {Accuracy: White = 78%, Black = 69%.} 1/2-1/2

[Event "Stay Safe Play From Home 235"]
[Site "Emanuel Lasker Arena"]
[Date "2020.06.18"]
[Round "5"]
[White "Mepe_Nika"]
[Black "SoulofWolf"]
[Result "1-0"]
[WhiteElo "2366"]
[BlackElo "2186"]
[Annotator "TA"]
[PlyCount "81"]
[EventDate "2020.06.18"]
[EventType "swiss (blitz)"]

{[%evp 9,81,46,168,31,139,57,74,85,83,-11,-8,-28,338,302,336,114,582,178,668,226,500,79,527,117,609,0,13,4,19,19,29,28,32,-191,0,-8,-3,-7,-10,-155,-157,-160,44,70,70,39,58,84,62,78,69,57,411,414,565,568,487,376,563,509,464,100,12841,0,0,0,0,0,619,234,12842,12843,12843,113]} 1. d4 d6 2. Bf4 c5 3. dxc5 Qa5+ 4. Nc3 Qxc5 5. e4 {[#]} a6 $146 (5... Nf6 $14) ({Predecessor:} 5... Nf6 6. Nf3 Nc6 7. a3 Bg4 8. Be3 Qa5 9. b4 Qd8 10. Be2 g6 11. h3 Bxf3 12. Bxf3 {½-½ (39) Rakhmangulov,A (2331)-Mikhaletz,L (2395) Lutsk 2015}) 6. Nf3 {A41: 1 d4 d6: Tartakower System and Modern Defence.} (6. Nd5 $1 $18 Qc6 7. Ne2) 6... b5 (6... Nf6 $14) 7. Qd2 (7. Nd5 $16) 7... Bb7 8. O-O-O {White is better.} Nd7 9. Kb1 ({White should try} 9. e5 $1 $16) 9... Ngf6 $11 10. Bd3 O-O-O $2 {[%mdl 8192]} (10... e6 $11 {and Black is okay.}) 11. Be3 Qc7 12. Nd4 $2 (12. Ng5 $18) 12... g6 $2 {[%mdl 8192] [#]} (12... Nc5 $16) 13. f3 $2 (13. Ncxb5 $1 {[%mdl 512]} Qb8 (13... axb5 14. Nxb5) 14. Ne6 $1 {[%mdl 512]}) 13... Nb6 $2 {[#]} (13... b4) 14. Qe2 $2 (14. Ncxb5 $1 {[%mdl 512]} Qd7 (14... axb5 15. Nxb5) 15. Qb4) 14... Bg7 $2 {[#]} (14... Kb8 {keeps fighting.} 15. a4 bxa4) 15. g4 $2 (15. Ndxb5 $1 $18 {[%mdl 512]} axb5 16. Nxb5) 15... h6 $2 {[%mdl 8192] [#]} (15... Nfd7 $16 {is tougher.}) 16. h4 $2 (16. Ndxb5 $1 $18 {[%mdl 512] has better winning chances.} axb5 17. Nxb5) 16... d5 $2 {[%mdl 8192] [#]} (16... Nfd7 $16) 17. exd5 $2 (17. Ndxb5 $1 $18 {[%mdl 512]} axb5 18. Nxb5) 17... Nfxd5 18. Nxd5 Rxd5 19. Be4 Rd7 20. Bxb7+ Qxb7 21. Nxb5 $2 (21. Rd3 $14 {keeps the upper hand.}) 21... Rxd1+ $2 (21... axb5 $19 22. Bxb6 Qxb6 23. Rxd7 Kxd7 24. Rd1+ Ke8) 22. Rxd1 {Threatens to win with Rd6!} axb5 23. Qxb5 Na8 24. Qc4+ (24. Qxb7+ $11 Kxb7 25. Rd7+ {[%mdl 64] Double Attack} Kc6 26. Rxe7) 24... Nc7 $17 {[%csl Gg7][%cal Rb7b2]} 25. Bc1 Rd8 $2 (25... e6 $17 26. f4 Rd8 27. Rxd8+ Kxd8) 26. Rxd8+ $14 Kxd8 27. Qxf7 Bf6 28. Qxg6 Qxf3 29. g5 hxg5 30. hxg5 Qg4 $2 {[%mdl 8192]} ({Black should play} 30... Be5 $14) 31. Qd3+ $18 Kc8 32. gxf6 exf6 33. a4 {[%cal Ba2a4,Ba4a5][%mdl 32]} Qe6 (33... Qxa4 $142 34. Qf5+ Kb7 35. Qxf6 Qe4) 34. a5 f5 35. Bf4 $2 (35. Bd2 $18 {is more deadly.}) 35... Qc6 $2 {[%mdl 8192]} (35... Qe1+ $16 36. Bc1 Qxa5) 36. Qc3 $2 ({Only move:} 36. Bxc7 $18 Kxc7 37. Qxf5) 36... Qxc3 $11 37. bxc3 {aiming for Bxc7.} Na6 38. Kb2 {Strongly threatening c4.} Kd7 $2 {[%mdl 8192]} (38... Kb7 $11) 39. Kb3 $2 (39. c4 Nc5 40. Be3) 39... Ke6 $2 (39... Nc5+ 40. Kc4 Kc6) 40. Kc4 $18 Kd7 41. Kb5 $2 {Both players deserved the win here. Accuracy: White = 29%, Black = 23%.} (41. Kd5 $18 {and the rest is easy.} Kc8 42. Kc6 Nb8+ 43. Bxb8 Kxb8 44. Kd5) 1-0

[Event "Stay Safe Play From Home 235"]
[Site "Emanuel Lasker Arena"]
[Date "2020.06.18"]
[Round "5"]
[White "BrainThinker22"]
[Black "Weltszmerc"]
[Result "0-1"]
[WhiteElo "2256"]
[BlackElo "2172"]
[Annotator "NA RC"]
[PlyCount "96"]
[EventDate "2020.06.18"]
[EventType "swiss (blitz)"]

1. e4 {[%emt 0:00:01]} Nf6 {[%emt 0:00:03]} 2. Nc3 {[%emt 0:00:01]} d5 {[%emt 0:00:01]} 3. e5 {[%emt 0:00:02]} Nfd7 {[%emt 0:00:01]} 4. f4 {[%emt 0:00:01]} e6 {[%emt 0:00:00]} 5. d3 {[%emt 0:00:01]} c5 {[%emt 0:00:00]} 6. g3 {[%emt 0:00:00]} Nc6 {[%emt 0:00:00]} 7. Bg2 {[%emt 0:00:00]} b5 {[%emt 0:00:00]} 8. a3 {[%emt 0:00:01]} b4 {[%emt 0:00:01]} 9. axb4 {[%emt 0:00:00]} cxb4 {[%emt 0:00:01]} 10. Nce2 {[%emt 0:00:00]} Qb6 {[%emt 0:00:01]} 11. Nf3 {[%emt 0:00:01]} a5 {[%emt 0:00:01]} 12. c3 {[%emt 0:00:01]} Ba6 {[%emt 0:00:02]} 13. d4 {[%emt 0:00:02]} Be7 {[%emt 0:00:02]} 14. O-O {[%emt 0:00:01]} f6 {[%emt 0:00:00]} 15. exf6 {[%emt 0:00:01]} Nxf6 {[%emt 0:00:00]} 16. Re1 {[%emt 0:00:01]} Ne4 {[%emt 0:00:01]} 17. Ne5 {[%emt 0:00:01]} Nxe5 {[%emt 0:00:01]} 18. fxe5 {[%emt 0:00:01]} O-O {[%emt 0:00:01]} 19. Bxe4 {[%emt 0:00:01]} dxe4 {[%emt 0:00:00]} 20. Nf4 {[%emt 0:00:00]} bxc3 {[%emt 0:00:04]} 21. bxc3 {[%emt 0:00:00]} g5 {[%emt 0:00:01]} 22. Qg4 {[%emt 0:00:02]} Kh8 {[%emt 0:00:01]} 23. Nxe6 {[%emt 0:00:01]} Bc8 {[%emt 0:00:02]} 24. Qxe4 {[%emt 0:00:08]} Bxe6 {[%emt 0:00:01]} 25. Rb1 {[%emt 0:00:03]} Qa6 {[%emt 0:00:09]} 26. Qb7 {[%emt 0:00:01]} Qxb7 {[%emt 0:00:03]} 27. Rxb7 {[%emt 0:00:00]} Rf7 {[%emt 0:00:01]} 28. Rd1 {[%emt 0:00:05]} Bd5 {[%emt 0:00:01]} 29. Rb5 {[%emt 0:00:01]} Bc4 {[%emt 0:00:01]} 30. Rb7 {[%emt 0:00:02]} a4 {[%emt 0:00:00]} 31. d5 {[%emt 0:00:01]} Bc5+ {[%emt 0:00:02]} 32. Kg2 {[%emt 0:00:02]} Rxb7 {[%emt 0:00:01]} 33. Bxg5 {[%emt 0:00:02]} Kg7 {[%emt 0:00:05]} 34. Bf6+ {[%emt 0:00:01]} Kg6 {[%emt 0:00:00]} 35. Rd2 {[%emt 0:00:00]} a3 {[%emt 0:00:01]} 36. h4 {[%emt 0:00:03]} Rb2 {[%emt 0:00:01]} 37. Bg5 {[%emt 0:00:00]} Rxd2+ {[%emt 0:00:02]} 38. Bxd2 {[%emt 0:00:00]} Bxd5+ {[%emt 0:00:00]} 39. Kh2 {[%emt 0:00:01]} a2 {[%emt 0:00:00]} 40. g4 {[%emt 0:00:01]} a1=Q {[%emt 0:00:00]} 41. h5+ {[%emt 0:00:00]} Kf7 {[%emt 0:00:00]} 42. Kg3 {[%emt 0:00:00]} Qd1 {[%emt 0:00:02]} 43. Bf4 {[%emt 0:00:00]} Qf3+ {[%emt 0:00:01]} 44. Kh4 {[%emt 0:00:00]} Qxf4 {[%emt 0:00:00]} 45. e6+ {[%emt 0:00:00]} Bxe6 {[%emt 0:00:01]} 46. Kh3 {[%emt 0:00:01]} Qxg4+ {[%emt 0:00:00]} 47. Kh2 {[%emt 0:00:00]} Bd6+ {[%emt 0:00:00]} 48. Kh1 {[%emt 0:00:00]} Bd5# {[%emt 0:00:00] (Lag: Av=0.75s, max=4.2s)} 0-1

[Event "Stay Safe Play From Home 235"]
[Site "Emanuel Lasker Arena"]
[Date "2020.06.18"]
[Round "5"]
[White "Bardellosport"]
[Black "Lamborghini"]
[Result "0-1"]
[WhiteElo "2067"]
[BlackElo "2202"]
[Annotator "TA"]
[PlyCount "94"]
[EventDate "2020.06.18"]
[EventType "swiss (blitz)"]

{[%evp 9,94,-32,-25,-46,-48,-54,-21,-68,22,-9,-9,-48,-60,-111,-116,-132,-108,-204,-138,-155,-143,-164,-99,-97,-93,-147,-148,-122,-63,-72,-61,-78,-61,-97,-100,-279,-96,-389,-201,-632,-132,-418,-88,-558,-223,-487,225,212,210,206,187,103,169,46,53,0,30,-23,0,-3,0,0,0,0,8,-352,-352,-352,-352,-360,0,-85,-8,-239,0,0,0,0,0,-120,-96,-736,-349,-29992,29992,-29996,-29992]} 1. d4 Nf6 2. e3 g6 3. f4 Bg7 4. Nf3 O-O 5. Bc4 d6 {[#]} 6. Qe2 $146 {A45: Trompowsky Attack.} ({Predecessor:} 6. O-O Nbd7 7. Qe1 c5 8. c3 e6 9. Nbd2 b6 10. Qg3 Bb7 11. Ng5 Qe7 12. b3 h6 13. Ngf3 {0-1 (31) Skvortsov,A (2076)-Timerkhanov,A (2367) Kirov 2018}) 6... c5 7. c3 b6 8. e4 {The position is equal.} Bb7 (8... cxd4 $15 9. e5 dxe5 10. fxe5 d3 $1 {[%mdl 512]} 11. Bxd3 Nfd7) 9. e5 Nd5 10. Bxd5 (10. O-O {feels hotter.} e6 11. dxc5 dxe5 12. Nxe5 bxc5 13. Na3) 10... Bxd5 11. Nbd2 ({White should play} 11. O-O $15) 11... cxd4 $17 12. cxd4 Nc6 13. Nb3 (13. O-O $17 {might work better.}) 13... a5 {[%cal Ba7a5,Ba5a4][%mdl 32]} 14. Be3 a4 15. Nbd2 Qd7 (15... Nb4 $19 {aiming for ...Nc2+.} 16. O-O Nxa2) 16. O-O {[#]} b5 $1 {[%mdl 512]} 17. b3 (17. Qxb5 $142 dxe5 18. fxe5) 17... axb3 18. axb3 b4 (18... Nb4 $17 19. Rfc1 Na2) 19. Rxa8 Rxa8 20. Nc4 {Hoping for Nb6.} Qb7 21. exd6 exd6 22. Ng5 $2 (22. f5 $17) 22... Qe7 $2 ({Resist} 22... Bxd4 23. Qf2 $19) (22... Nxd4 $19 {is more deadly.} 23. Bxd4 Bxd4+ 24. Kh1 Qc6) 23. Qf2 $2 {[%mdl 8192]} (23. Nb6 $17 Ra5 24. Nxd5 Rxd5 25. Re1 Qxe3+ {[%mdl 64] Remove Defender} 26. Qxe3 Bxd4 27. Kf2) 23... h6 (23... Bxc4 $142 24. bxc4 b3) 24. Nh3 $2 (24. Nb6 hxg5 25. Nxd5) 24... f5 $2 (24... Bxc4 $19 25. bxc4 b3) 25. Qd2 $2 {[%mdl 8192]} (25. Nb6 $17 {was the only defense.} Ra5 26. Nxd5 Rxd5 27. Kh1) 25... Kh7 $2 (25... Bxc4 $19 26. bxc4 b3) 26. Re1 $2 {[%mdl 8192]} (26. Nb6 $17 {was the crucial defense.} Ra5 27. Nxd5 Rxd5 28. Kh1) 26... Re8 $2 (26... Bxc4 27. bxc4 b3) 27. Nf2 $2 (27. Bf2 {was worth a try.} Qd8 28. Rc1) 27... Qf7 $4 {[%mdl 8192]} (27... Bxc4 $19 28. bxc4 Bxd4 $1 {[%mdl 576] Pin}) 28. Nxd6 $18 {[%mdl 64] Double Attack} Qd7 29. Nxe8 Qxe8 30. Qe2 (30. Nd3 $18) 30... Qf7 (30... Bxb3 $16 31. Qb5 Bxd4) 31. Bd2 (31. Qb2 $1 $18) 31... Bxb3 $14 32. Qe8 ({Better is} 32. Qb5 $14 Qd5 33. Qxd5 Bxd5 34. Rd1) 32... Qc4 (32... Qb7 {is more complex.} 33. Nd3 Bf7 34. Qe2 Bxd4+ 35. Be3 Bc3) 33. Qe2 (33. h3 $142) 33... Qxd4 34. Be3 Qd5 35. Rc1 Qe6 36. Nd3 Bd5 37. Ne5 $2 {[%mdl 8192]} (37. Nc5 $11 Qe8 38. Qd2) 37... Nxe5 $19 38. fxe5 Qxe5 {Strongly threatening ...f4.} 39. Qf2 Qe4 $2 (39... b3 $19 40. Re1 b2 41. Bxh6 Be4 42. Bxg7 Kxg7) 40. Re1 (40. Rc7 $11 {keeps the balance.} Qe5 41. Qf4 $1 {[%mdl 512]} Qxf4 42. Bxf4) 40... b3 (40... Qd3 $1 $17 {...b3 is the strong threat.} 41. Bc1 Qc3) 41. Bc1 $2 {[#]} (41. Bxh6 $1 $11 {and White stays safe.} b2 42. Bxg7) 41... Qd3 $2 (41... Bd4 $1 $19 {[%cal Re4e1][%mdl 512]} 42. Rxe4 Bxf2+ 43. Kxf2 Bxe4) 42. Bb2 $11 {Intending Qa7! and mate.} Bxb2 43. Qxb2 {Re7+ would kill now.} g5 44. Re7+ (44. Qf6 $11 Be4 45. Qf7+ Kh8 46. Qf6+ Kh7 47. Qf7+ Kh8 48. Qe8+ Kg7 49. Qe7+ Kg6 50. Qe8+ Kf6 51. Qh8+ Kg6 52. Qe8+ Kf6 53. Qh8+ Kg6 54. Qe8+) 44... Kg6 $17 45. Qg7+ $2 {[%mdl 8192]} (45. h3 $17) 45... Kh5 $19 {( -> ...Qd2)} 46. Re1 $2 {[#]} (46. Qb2 $19 Qd1+ 47. Kf2) 46... Qd4+ $4 {[%mdl 8192]} (46... Qd2 $1 {and life is good for Black.} 47. g4+ fxg4 48. Re4 b2 49. Qxb2 Qxb2 50. Kf1 Bxe4 51. h3 gxh3 52. Ke1 h2 53. Kf1 h1=Q#) 47. Kf1 $4 {[%mdl 8192]} (47. Qxd4 Bg8 48. Re5 b2 49. Qxb2 f4 50. Qc3 Ba2 51. Qf3+ Kg6 52. Qc6+ Kf7 53. Qxh6) 47... Qxg7 {Accuracy: White = 22%, Black = 48%.} 0-1

[Event "Stay Safe Play From Home 235"]
[Site "Emanuel Lasker Arena"]
[Date "2020.06.18"]
[Round "5"]
[White "Position"]
[Black "Haris kollari 13"]
[Result "1-0"]
[WhiteElo "2036"]
[BlackElo "1698"]
[Annotator "NA RC"]
[PlyCount "89"]
[EventDate "2020.06.18"]
[EventType "swiss (blitz)"]

1. e4 {[%emt 0:00:01]} e6 {[%emt 0:00:00]} 2. d3 {[%emt 0:00:01]} d5 {[%emt 0:00:00]} 3. exd5 {[%emt 0:00:00]} exd5 {[%emt 0:00:01]} 4. Nf3 {[%emt 0:00:00]} c5 {[%emt 0:00:01]} 5. h3 {[%emt 0:00:00]} Nc6 {[%emt 0:00:01]} 6. Be2 {[%emt 0:00:00]} Be6 {[%emt 0:00:01]} 7. O-O {[%emt 0:00:00]} Bd6 {[%emt 0:00:02]} 8. Re1 {[%emt 0:00:00]} Bc7 {[%emt 0:00:01]} 9. Bf1 {[%emt 0:00:02]} Qd6 {[%emt 0:00:01]} 10. g3 {[%emt 0:00:00]} Nf6 {[%emt 0:00:01]} 11. Bf4 {[%emt 0:00:01]} Qd7 {[%emt 0:00:01]} 12. Bxc7 {[%emt 0:00:01]} Qxc7 {[%emt 0:00:01]} 13. Ng5 {[%emt 0:00:01]} Qd7 {[%emt 0:00:03]} 14. Nxe6 {[%emt 0:00:01]} fxe6 {[%emt 0:00:01]} 15. h4 {[%emt 0:00:00]} O-O {[%emt 0:00:01]} 16. Bh3 {[%emt 0:00:00]} Rfe8 {[%emt 0:00:01]} 17. Nc3 {[%emt 0:00:00]} Qd6 {[%emt 0:00:01]} 18. Qf3 {[%emt 0:00:02]} Nd4 {[%emt 0:00:01]} 19. Qd1 {[%emt 0:00:01]} Re7 {[%emt 0:00:01]} 20. Nb1 {[%emt 0:00:02]} Rae8 {[%emt 0:00:02]} 21. c3 {[%emt 0:00:01]} Nc6 {[%emt 0:00:01]} 22. Nd2 {[%emt 0:00:01]} e5 {[%emt 0:00:01]} 23. Bg2 {[%emt 0:00:03]} e4 {[%emt 0:00:01]} 24. dxe4 {[%emt 0:00:01]} dxe4 {[%emt 0:00:01]} 25. Qb3+ {[%emt 0:00:00]} Kh8 {[%emt 0:00:03]} 26. Nc4 {[%emt 0:00:01]} Qc7 {[%emt 0:00:01]} 27. Rad1 {[%emt 0:00:01]} a6 {[%emt 0:00:01]} 28. Ne3 {[%emt 0:00:02]} b5 {[%emt 0:00:01]} 29. Rd2 {[%emt 0:00:01]} c4 {[%emt 0:00:01]} 30. Qc2 {[%emt 0:00:01]} Ne5 {[%emt 0:00:01]} 31. Red1 {[%emt 0:00:01]} Nd3 {[%emt 0:00:01]} 32. b3 {[%emt 0:00:02]} Qc5 {[%emt 0:00:02]} 33. Kh2 {[%emt 0:00:05]} Nd7 {[%emt 0:00:02]} 34. bxc4 {[%emt 0:00:01]} bxc4 {[%emt 0:00:02]} 35. Qa4 {[%emt 0:00:00]} N7e5 {[%emt 0:00:01]} 36. Qxa6 {[%emt 0:00:02]} Re6 {[%emt 0:00:01]} 37. Qa4 {[%emt 0:00:02]} Nf3+ {[%emt 0:00:02]} 38. Bxf3 {[%emt 0:00:01]} exf3 {[%emt 0:00:01]} 39. Rb1 {[%emt 0:00:01]} Nxf2 {[%emt 0:00:01]} 40. Rxf2 {[%emt 0:00:02]} Qxe3 {[%emt 0:00:01]} 41. Rbf1 {[%emt 0:00:00]} Qxc3 {[%emt 0:00:02]} 42. Rxf3 {[%emt 0:00:01]} Re2+ {[%emt 0:00:01]} 43. Kh3 {[%emt 0:00:01]} Qd2 {[%emt 0:00:02]} 44. Rf8+ {[%emt 0:00:01]} Rxf8 {[%emt 0:00:01]} 45. Rxf8# {[%emt 0:00:00] (Lag: Av=0.80s, max=3.3s)} 1-0

[Event "Stay Safe Play From Home 235"]
[Site "Emanuel Lasker Arena"]
[Date "2020.06.18"]
[Round "5"]
[White "Grazie"]
[Black "NeatFox"]
[Result "0-1"]
[WhiteElo "1856"]
[BlackElo "1765"]
[Annotator "NA RC"]
[PlyCount "84"]
[EventDate "2020.06.18"]
[EventType "swiss (blitz)"]

1. d4 {[%emt 0:00:01]} c6 {[%emt 0:00:02]} 2. c3 {[%emt 0:00:00]} d5 {[%emt 0:00:00]} 3. g3 {[%emt 0:00:00]} g6 {[%emt 0:00:00]} 4. Bg2 {[%emt 0:00:00]} Bg7 {[%emt 0:00:00]} 5. Nf3 {[%emt 0:00:00]} Nf6 {[%emt 0:00:00]} 6. Bg5 {[%emt 0:00:01]} O-O {[%emt 0:00:00]} 7. Bxf6 {[%emt 0:00:00]} exf6 {[%emt 0:00:00]} 8. Nbd2 {[%emt 0:00:00]} f5 {[%emt 0:00:00]} 9. O-O {[%emt 0:00:00]} Be6 {[%emt 0:00:00]} 10. e3 {[%emt 0:00:00]} Nd7 {[%emt 0:00:01]} 11. Qc2 {[%emt 0:00:01]} Nf6 {[%emt 0:00:00]} 12. c4 {[%emt 0:00:00]} Ne4 {[%emt 0:00:00]} 13. cxd5 {[%emt 0:00:00]} cxd5 {[%emt 0:00:00]} 14. Rfc1 {[%emt 0:00:02]} Rc8 {[%emt 0:00:02]} 15. Qb3 {[%emt 0:00:01]} Rxc1+ {[%emt 0:00:02]} 16. Rxc1 {[%emt 0:00:01]} Qd7 {[%emt 0:00:01]} 17. Nxe4 {[%emt 0:00:02]} dxe4 {[%emt 0:00:02]} 18. d5 {[%emt 0:00:04]} Bxd5 {[%emt 0:00:02]} 19. Rd1 {[%emt 0:00:05]} Bxb3 {[%emt 0:00:03]} 20. Rxd7 {[%emt 0:00:01]} exf3 {[%emt 0:00:02]} 21. axb3 {[%emt 0:00:03]} fxg2 {[%emt 0:00:01]} 22. Rxb7 {[%emt 0:00:01]} Bxb2 {[%emt 0:00:03]} 23. Rxa7 {[%emt 0:00:03]} Rb8 {[%emt 0:00:01]} 24. Kxg2 {[%emt 0:00:01]} Rxb3 {[%emt 0:00:01]} 25. h4 {[%emt 0:00:00]} Bc1 {[%emt 0:00:02]} 26. Kf3 {[%emt 0:00:01]} Rb2 {[%emt 0:00:01]} 27. Rd7 {[%emt 0:00:04]} Kg7 {[%emt 0:00:02]} 28. e4 {[%emt 0:00:03]} fxe4+ {[%emt 0:00:01]} 29. Kxe4 {[%emt 0:00:01]} Rxf2 {[%emt 0:00:02]} 30. g4 {[%emt 0:00:00]} Rh2 {[%emt 0:00:02]} 31. h5 {[%emt 0:00:01]} gxh5 {[%emt 0:00:00]} 32. gxh5 {[%emt 0:00:00]} Rxh5 {[%emt 0:00:01]} 33. Rd1 {[%emt 0:00:01]} Bh6 {[%emt 0:00:02]} 34. Rg1+ {[%emt 0:00:01]} Rg5 {[%emt 0:00:00]} 35. Rf1 {[%emt 0:00:01]} f6 {[%emt 0:00:01]} 36. Rf3 {[%emt 0:00:02]} Kg6 {[%emt 0:00:01]} 37. Rf2 {[%emt 0:00:01]} Re5+ {[%emt 0:00:00]} 38. Kd3 {[%emt 0:00:01]} Bg5 {[%emt 0:00:00]} 39. Rg2 {[%emt 0:00:01]} h5 {[%emt 0:00:01]} 40. Kd4 {[%emt 0:00:00]} h4 {[%emt 0:00:01]} 41. Rg1 {[%emt 0:00:02]} h3 {[%emt 0:00:01]} 42. Rg2 {[%emt 0:00:01]} hxg2 {[%emt 0:00:01] Grazie gibt auf (Lag: Av=0.41s, max=3.0s)} 0-1